000 002510000a22000970004500
100 1 _aRivera Velázquez, Melvin
245 1 0 _aVivir sin esperanza
300 _aVol. 50, Núm 217 (1995), Páginas 4-7
773 0 _tLa Biblia de las Américas
942 _cANA
999 _c51371
_d51371